Quizzes
Events
Quiz Creation
Community
Videos
Private Events
Remove Ads
Sign In
Join for FREE
Feedback
Dark Mode
Quiz Categories
Sports
Geography
Music
Movies
Television
Just For Fun
Miscellaneous
History
Literature
Language
Science
Gaming
Entertainment
Religion
Holiday
For Kids
Quiz Lab
Recent
Popular Today
Quiz Kudos Today
Editor Picks
Curator Picks
Quizzes by...
Day
Popularity
Type
Ratings
Length
Year
Community
Subscriptions
Recent Discussions
Orange Saloon
Badges
Playlists
Quests
Create
Leaderboards
Showdown
Live 5
Trivia Bingo
Activity
Puzzle Library
Sporcle Events
Private Events
Virtual Trivia
Globe League
Become a Host
Pub Owners
SporcleCon
Opinionation
Our Games
Videos
Blog
Mobile Apps
Partnerships
Remove Ads and Go Orange
Feedback
Gaming
Video Games
Board Games
Card Games
Pokémon
Mario
Nintendo
Minecraft
Console
Toys
Legend of Zelda
Gaming
Video Games
Board Games
Card Games
Pokémon
Mario
Nintendo
Minecraft
Console
Toys
Legend of Zelda
Random Quiz
Search Sporcle
×
Quiz Lab
Quiz Lab
Gaming
Pokémon
Type in answers that appear in a list
Type in answers that appear in a list
Classic
Best Score? Go Orange.
Pokemon Moves - Fire Stats
Can you name the Pokemon Moves - Fire?
By
mcdougal21
6m
18 Questions
4,317 Plays
4,317 Plays
4,317 Plays
Comments
Comments
Give Quiz Kudos
Give Quiz Kudos
-
- Ratings
hide this ad
Replay
Link that replays current quiz
Next Quiz
Link to next quiz in quiz playlist
You Got
0%
They Got
Avg Score
61%
Avg Friend Score
Upgrade to see
Score Distribution
Jump to the score distribution portion of the page
Score
0/18
Timer
06:00
0
Plays Today
Moves
% Correct
Ember
95.1%
Flamethrower
93.2%
Fire Blast
87.9%
Fire Spin
81%
Fire Punch
79.2%
Flame Wheel
70%
Will-O-Wisp
62.8%
Fire Fang
61%
Blast Burn
56.7%
Moves
% Correct
Flare Blitz
56.5%
Overheat
55.6%
Eruption
53.9%
Sunny Day
47.1%
Blaze Kick
46.5%
Heat Wave
43.8%
Lava Plume
41.9%
Sacred Fire
41%
Magma Storm
32%
Quiz Playlist
Details
Report
Send in Message
Add To Playlist
Classic:
Type in answers that appear in a list
Last Updated: Feb 16, 2017
Quiz Scoreboard
CHALLENGE
Sign Up to Join the Scoreboard
Show All
Scores
Hide
Comments
May contain spoilers
Recently Published
9x9 Crossword: Cartoon Network
by jackfrog10
Miscellaneous
3m
College Basketball Coaching Resumes
by pancakes188
Sports
9m
Billboard Blitz: Fleetwood Mac
by CooCooCachoo
Music
15s
More to Explore
Quiz From the Vault
Featured Blog Post
Where Did the Easter Bunny Come From?
hide this ad
You Might Also Like...
Tags
Pokémon Quiz
fire
Today's Top Quizzes in Gaming
Browse Gaming
hide this ad
Today's Top Quizzes in Pokémon
Browse Pokémon
Top Contributed Quizzes in Gaming
1
5-to-1: Consoles
2
7-to-1: Board Game Piece Blitz
3
5-to-1: Legend of Zelda
4
League of Legends Pro Players by Career/Team History
5
Destiny 2 exotic weapons by perk icons
6
Ultimate Genshin Impact Logic Puzzle (up to 4.3)
7
Franchise by Action Figure
8
Who's on the WWE 2K24 Cover?
9
Genshin Impact Logic Puzzle Quiz
10
Overwatch Logic Puzzle
Explore More
Trending Topics
Disney
Harry Potter
Kpop
Crossword
Marvel
NBA
Anime
Song
WWE
Puzzle
Soccer
Pokémon
NFL
The Office
Country
hide this ad
More By:
mcdougal21
Quiz
Plays
Rating
Category
Featured
Created
Pokemon Moves - Water
5,455
4.06
Gaming
Nov 4, 2009
Pokemon Moves - Fire
4,317
3.77
Gaming
Nov 4, 2009
Pokemon Moves - Electric
2,504
3.56
Gaming
Nov 5, 2009
Pokemon Moves - Ice
2,414
4.14
Gaming
Nov 5, 2009
Pokemon Moves - Normal
2,104
3.93
Gaming
Nov 4, 2009
Go to Creator's Profile
Score Distribution
Quiz Creator Spotlight
mcdougal21
Follow
Send a Message
Quizzes Created
-
Created Quiz Play Count
-
More By This Creator
Popular Quizzes Today
1
Find the US States - No Outlines Minefield
2
Find the Countries of Europe - No Outlines Minefield
3
The Countries of the World
4
Find the US States
5
Risky Map Clicking: Biggest States A-Z
6
US States
7
Popular People in 1961
8
Movies - When Are They Set?
More Gaming Quizzes
Smash Melee Summer 2019 PGRU
Quiz Lab
Trending Quizzes
Risky Map Clicking: Least Populous States A-Z
1-10 Letter G Words
Risky Map Clicking: Next State Alphabetically
Adjectives in 80s TV Shows
Risky Map Clicking: Biggest States A-Z
Recently Updated
Leaping Animals
pecheneg
Reality TV Shows (A-Z)
bhenderson79
Rickey Henderson's Hall of Fame Teammates
pecheneg
Champions League XIs: Arsenal
pecheneg
Quick Pick: Celebrities in WWE's Hall of Fame
aduchscher
A-Z Keypad Blitz II
pecheneg
Multiple Oscar Actors
pecheneg
Mystery Phrase Blitz: Oscar 'Best Actors'
pecheneg
F. Scott Fitzgerald Novels
LTH
Pick 3 Villains
ddd62291
Trending Topics
Disney
Marvel
Kpop
Crossword
Harry Potter
Anime
NBA
Song
NFL
Country
Pokémon
WWE
Soccer
The Office
Puzzle
Your Account Isn't Verified!
In order to create a playlist on Sporcle, you need to verify the email address you used during registration. Go to your
Sporcle Settings
to finish the process.
Report this User
Report this user for behavior that violates our
Community Guidelines
.
Details:
Send Report
Go to the Sporcle.com Mobile Site →
Comments